Korszerű technológiák alkalmazásának bemutatása Eb- nyilvántartó program fejlesztésén keresztül

Elmentve itt :
Bibliográfiai részletek
Szerző: Szabó Ádám
További közreműködők: Beszédes Árpád (Témavezető)
Dokumentumtípus: Szakdolgozat
Megjelent: 2010
Tárgyszavak:
Online Access:http://diploma.bibl.u-szeged.hu/3661
LEADER 00843nta a2200181 i 4500
001 dipl3661
005 20130314072937.0
008 110419s2010 hu om 0|| hun d
040 |a SZTE Diploma Repozitórium  |b hun 
041 |a hun 
100 1 |a Szabó Ádám 
245 1 0 |a Korszerű technológiák alkalmazásának bemutatása Eb- nyilvántartó program fejlesztésén keresztül  |h [elektronikus dokumentum] /  |c Ádám Szabó 
260 |c 2010 
650 4 |a Informatika 
700 1 |a Beszédes Árpád  |e ths 
856 4 0 |u http://diploma.bibl.u-szeged.hu/id/eprint/3661/1/2010_szabo_adam_10_120.pdf  |z Dokumentum-elérés  
856 4 0 |u http://diploma.bibl.u-szeged.hu/id/eprint/3661/2/2010_szabo_adam_10_120_biralati.pdf  |z Dokumentum-elérés  
856 4 0 |u http://diploma.bibl.u-szeged.hu/id/eprint/3661/3/2010_szabo_adam_10_120_melleklet.tgz  |z Dokumentum-elérés